Statistics for Top 5 Population by Category

Click here to take the quiz!

General Stats

  • This quiz has been taken 160 times
  • The average score is 24 of 30

Answer Stats

CategoryPop.Answer% Correct
Countries1.43 bChina
99%
Countries1.44 bIndia
99%
U.S. States39.0 mCalifornia
97%
U.S. States19.6 mNew York
97%
Countries344 mUnited States
97%
Languages
(native speakers)
379 mEnglish
95%
Languages
(native speakers)
480 mSpanish
93%
U.S. States30.5 mTexas
92%
Cities40.8 mTokyo
92%
Religions2.1 bChristianity
91%
Countries278 mIndonesia
91%
U.S. States22.6 mFlorida
88%
Religions1.5 bIslam
88%
Languages
(native speakers)
918 mMandarin
88%
Countries243 mPakistan
81%
Cities40.0 mShanghai
78%
Religions380 mBuddhism
75%
Islands66.4 mGreat Britain
72%
Languages
(native speakers)
341 mHindi
72%
Religions900 mHinduism
72%
Cities33.4 mDelhi
71%
Islands149 mJava
70%
Languages
(native speakers)
> 275 mArabic
68%
Cities67.8 mGuangzhou
68%
U.S. States13.0 mPennsylvania
61%
Cities28.9 mJakarta
58%
Religions350 mConfucianism
57%
Islands103 mHonshu
52%
Islands59.2 mSumatra
51%
Islands64.3 mLuzon
41%

Score Distribution

Percentile by Number Answered

Percent of People with Each Score

Your Score History

You have not taken this quiz